00750nam a2200229Ia 4500008004100000050001200041050001500053100003100068245009400099245003100193260003100224260001000255260001000265300001500275300002000290300001100310500005600321521001500377942000700392999001900399952010200418160517s9999 xx 000 0 und d aBF 683  b.P225 2016 aParco, Khrizzia Ann Mae N. aSelf-motivation and work values of selected college working students in Las Piñas city/ cKhrizzia Ann Mae N. Parco. aLas Piñas, Philippines : bSISC, c2016. a98 pages : billustrations ; c28 cm. aIncludes bibliographical references and appendices. aPsychology cTH c293997d293997 001040aCLbCLcTHd2016-05-17l0oBF 683 .P225 2016pT0992r2018-05-15 00:00:00w2016-05-17yTH